Alle Hauptstädte Asiens - Statistiken

Allgemein
  • Dieses Quiz wurde 26 mal gespielt
    24 seit der letzten Aktualisierung
  • Das Durchschnittsergebnis liegt bei 33 aus 50
Antwortstatistiken
Hauptstadt % Korrekt
Bangkok
86%
Neu-Delhi
86%
Peking
86%
Bagdad
81%
Damaskus
81%
Doha
81%
Hanoi
81%
Islamabad
81%
Teheran
81%
Abu Dhabi
76%
Amman
76%
Ankara
76%
Beirut
76%
Jerewan
76%
Maskat
76%
Seoul
76%
Tokio
76%
Baku
71%
Jakarta
71%
Kuwait
71%
Pjöngjang
71%
Sanaa
71%
Singapur
71%
Tiflis
71%
Astana
67%
Dhaka
67%
Kathmandu
67%
Kuala Lumpur
67%
Manila
67%
Phnom Penh
67%
Riad
67%
Taipeh
67%
Aşgabat
62%
Dili
62%
Kabul
62%
Malé
62%
Manama
62%
Taschkent
62%
Ulaanbataar
62%
Nikosia
57%
Bischkek
52%
Duschanbe
52%
Tel Aviv
52%
Bandar Seri Begawan
48%
Moskau
48%
Thimphu
48%
Vientiane
48%
Naypyidaw
43%
Colombo
38%
Kairo
19%
Keine übereinstimmenden Quizze gefunden
Verteilung der Resultate
Anzahl Personen mit jedem Resultat
Perzentil nach korrekt beantworteten Fragen
Ihre Resultats-Entwicklung
Sie haben dieses Quiz seit der letzten Aktualisierung nicht gespielt